| 000 | 01888cam a2200385 i 4500 | ||
|---|---|---|---|
| 999 |
_c43648 _d43648 |
||
| 001 | 43648 | ||
| 003 | Mx-PuUPA | ||
| 005 | 20210419095648.0 | ||
| 008 | 140415s1982 mx r 000 0 spa d | ||
| 020 | _a9682302218 (obra completa) | ||
| 020 | _a9682302226 (v.1) | ||
| 020 | _a9682302234 (v.2) | ||
| 020 | _a9682302242 (v.3) | ||
| 020 | _a968230654X (v.4) | ||
| 020 | _a8432301361 (v.5) | ||
| 020 | _a9682309387 (v.8) | ||
| 020 | _a9682310946 (v.9) | ||
| 020 | _a9682310830 (v.10) | ||
| 020 | _a9682309417 (v.11) | ||
| 040 |
_erda _aMx-PuUPA _bspa _cMx-PuUPA _dMx-PuUPA |
||
| 041 | 0 | _aspa | |
| 240 | 1 | 0 |
_aHistoire de la philosophie. encyclopédie de la pléiade. _lEspañol |
| 245 | 0 | 0 | _aHistoria de la filosofía. |
| 250 | _aEdiciones varían | ||
| 264 | 1 |
_aMéxico D.F. : _bSiglo Veintiuno Editores, _c1978-1982 |
|
| 300 |
_a11 volúmenes (paginación varía) ; _c18 cm. |
||
| 336 |
_atexto _2rdacontent _btxt |
||
| 337 |
_asin medio _2rdamedia _bn |
||
| 338 |
_avolumen _2rdacarrier _bnc |
||
| 490 | 0 | _aHistoria de la filosofía, Siglo Veintiuno | |
| 505 | 0 |
_gv.1. _tEl pensamiento prefilosófico y oriental: Egipto, Mesopotamia, Palestina, India, China - _gv.2. _tLa filosofía griega - _gv.3. _tDel mundo romano al Islam medieval: Roma, Bizancio, El neoplatonismo, la filosofía judía medieval, la filosofía islámica - _gv.4. _tLa filosofía medieval en Occidente - _gv.5. _tLa filosofía en el Renacimiento - _gv.6. _tRacionalismo, empirismo, ilustración - _gv.7. _tLa filosofía alemana, de Leibniz a Hegel - _gv.8. _tLa filosofía en el siglo XIX - _gv.9. _tLas filosofías nacionales Siglos XIX y XX - _gv.10. _tLa filosofía en el siglo XX - _gv. 11. _tLa filosofía en Oriente: la filosofía islámica, india y china hasta nuestros días. |
|
| 650 | 4 |
_aFilosofía _xHistoria |
|
| 942 |
_2ddc _cLI _h190 _iH62 |
||